State, Democracy and Anti-Terror Laws in India (Record no. 14305)

MARC details
000 -LEADER
fixed length control field 00627nam a2200241 a 4500
020 ## - INTERNATIONAL STANDARD BOOK NUMBER
ISBN 9788178296708
082 00 - DEWEY DECIMAL CLASSIFICATION NUMBER
Classification number 303.6250954
Author Cutter SIN1
100 ## - MAIN ENTRY--AUTHOR NAME
Author name Singh, Ujjwal Kumar
245 ## - TITLE STATEMENT
Title State, Democracy and Anti-Terror Laws in India
260 ## - PUBLICATION, DISTRIBUTION, ETC. (IMPRINT)
Place of publication Delhi
Name of publisher Sage Pub
Year of publication 2007
300 ## - PHYSICAL DESCRIPTION
Number of Pages 345p
500 ## - GENERAL NOTE
General note includes index and biblioraphy
505 2# - FORMATTED CONTENTS NOTE
Formatted contents note Bibliography, Index
650 ## - SUBJECT ADDED ENTRY--TOPICAL TERM
Topical Term Terrorism-India
942 ## - ADDED ENTRY ELEMENTS (KOHA)
Koha item type Books
700 1# -
-- Singh, Ujjwal Kumar
Holdings
Collection code Home library Current library Date acquired Cost, normal purchase price Full call number Accession Number Koha item type
  Henry Martyn Institute Library Henry Martyn Institute Library 11/16/2011 850.00 303.6250954 SIN1 023716 Books
                   Copyright © 2026 | Henry Martyn Institute | Hyderabad | TS-500052 | INDIA | Implemented by hmi.edu.in
Hit-Count:

Powered by Koha